00326 2200121 4500001002100000005001500021035002000036245006000056100003000116300001200146260003400158990001200192INLIS00000000000237320250528113401 a0010-05250006651 aKetika Cinta Bertasbih (1) /cHabiburrrahman El Shirazy0 aHabiburrahaman EI Shirazy a483 hlm aJakarta :bRepublikasi,c2007 a0713406